Statistics for Ecuador World Cup 2022 Squad

Click here to take the quiz!

General Stats

  • This quiz has been taken 6 times
  • The average score is 5 of 26

Answer Stats

PositionClubPlayer% Correct
FWFenerbahceEnner Valencia
100%
MFBrighton & Hove AlbionMoises Caicedo
83%
DFBrighton & Hove AlbionPervis Estupinan
83%
MFBrighton & Hove AlbionJeremy Sarmiento
67%
DFBayer LeverkusenPiero Hincapie
50%
MFFC AugsburgCarlos Gruezo
33%
MFReal ValladolidGonzalo Plata
33%
GKLDU QuitoAlexander Dominguez
17%
MFClub LeonAngel Mena
17%
DFSantos LagunaFelix Torres
17%
DFES TroyesJackson Porozo
17%
GKIndependiente Del ValleMoises Ramirez
17%
MFTalleresAlan Franco
0%
DFKRC GenkAngelo Preciado
0%
MFSantos LagunaAyrton Preciado
0%
DFLAFCDiego Palacios
0%
FWNewell's Old BoysDjorkaeff Reasco
0%
GKAucasHernan Galindez
0%
MFLAFCJose Cifuentes
0%
FWImbaburaKevin Rodriguez
0%
FWCruz AzulMichael Estrada
0%
DFSao PauloRobert Arboleda
0%
MFPachucaRomario Ibarra
0%
MFLAFCSebas Mendez
0%
DFRoyal AntwerpWilliam Pacho
0%
DFSeattle SoundersXavier Arreaga
0%

Score Distribution

Percentile by Number Answered

Percent of People with Each Score

Your Score History

You have not taken this quiz